Word Ladder: Mind Your Grammar! Quiz Stats

 Plays Quiz Updated Nov 29, 2016

Support Sporcle.
Go Orange.
Score 0/28 Timer 03:00
3 Plays Today
Hint 4-letter word % Correct
MiddayNOON
98.2%
Earth's natural satelliteMOON
96.2%
⁜ Person, place, or thing ⁜NOUN
95.4%
AutumnFALL
92.4%
US ten-cent pieceDIME
86.8%
Cold, hard moneyCASH
82.7%
Female equivalent to knightDAME
81.2%
ArrivedCAME
81%
Hospital divisionWARD
80.9%
⁜ Period; also known as ___ stop ⁜FULL
80.4%
Offspring of male donkey and female horseMULE
79.4%
Tree productWOOD
79.3%
⁜ Primary sentence component ⁜WORD
78.8%
⁜ Could be indicative, imperative, or subjunctive ⁜MOOD
76.7%
Hint 4-letter word % Correct
Think deeply and at lengthMULL
74.4%
Hair dividing linePART
74.4%
⁜ Term of action ⁜VERB
74.2%
Governing regulation or principleRULE
73.4%
⁜ Could be nominative, possessive, or accusative ⁜CASE
71.9%
⁜ Tense of previous action ⁜PAST
68.3%
Upright, solid structureWALL
66.5%
Green, in FrenchVERT
65.7%
German term for forestWALD
63.7%
Lively and cheerfulPERT
63.2%
Annoy or provokeRILE
57.1%
⁜ Follows onset in a phonological unit ⁜RIME
55.6%
⁜ Could be En or Em (but is not a hyphen) ⁜DASH
52.3%
Dialectical form of 'dare'DAST
47.2%

Today's Daily Dose

You're not logged in!

Compare scores with friends on all Sporcle quizzes.
OR
Log In

From the Vault

Answer Strings

by MrWhiplash

Enjoy a good quiz, no strings attached.
Remove Ads.
Support Sporcle.
Get the best of Sporcle when you Go Orange. This ad-free experience offers more features, more stats, and more fun while also helping to support Sporcle. Thank you for becoming a member.

Show Comments

Extras

Top Quizzes Today


Score Distribution

Your Account Isn't Verified!

In order to create a playlist on Sporcle, you need to verify the email address you used during registration. Go to your Sporcle Settings to finish the process.

Report this User

Report this user for behavior that violates our Community Guidelines.

Details: